[Event "Fast Game"]
[Site "www.echecsemail.com"]
[Date "2015.02.17"]
[Round "1"]
[White "Tenzinnima"]
[Black "Tomasseeber"]
[WhiteElo "1910"]
[BlackElo "1599"]
[Result "1-0"]
[Round "1"]
1.d4 Ng8f6
2.c4 c5
3.d5 b5
4.cxb5 a6
5.Nb1c3 axb5
6.e4 b4
7.Nc3b5 d6
8.Bc1f4 g6
9.e5 Nf6h5
10.exd6 exd6
11.Qd1e2 Kd7
12.g3 Nh5xf4
13.gxf4 Bf8g7
14.Bf1h3 { resign }
1-0

[Event "Tourn. n8050"]
[Site "www.chess-mail.com"]
[Date "2015.02.18"]
[Round "1"]
[White "Luban"]
[Black "Bojan"]
[WhiteElo "2040"]
[BlackElo "2040"]
[Result "0-1"]
[Round "1"]
1.d4 g6
2.c4 Bf8g7
3.e3 d5
4.h3 dxc4
5.Bf1xc4 e6
6.Nb1c3 a6
7.Ng1f3 Ng8e7
8.O-O Nb8c6
9.a3 Bc8d7
10.e4 Nc6a5
11.Bc4d3 c6
12.b4 O-O
13.bxa5 Qd8xa5
14.Bc1b2 Ra8c8
15.Qd1c2 c5
16.d5 c4
17.Bd3e2 b5
18.Ra1b1 Rf8e8
19.Rf1d1 exd5
20.Nc3xd5 Bd7c6
21.Nd5xe7 Re8xe7
22.Nf3d2 f6
23.f3 Bc6e8
24.Bb2c3 Qa5xa3
25.Bc3b4 Qa3e3
26.Kh1 Re7e6
27.Nd2xc4 bxc4
28.Be2xc4 Be8f7
29.Bc4xe6 Rc8xc2
30.Rd1d8 Bg7f8
31.Bb4xf8 Rc2c1
32.Kh2 Qe3f4
33.g3 Rc1c2
34.Kh1 Qf4xf3
{ resign }
0-1

[Event "Tourn. n7931"]
[Site "www.chess-mail.com"]
[Date "2015.02.18"]
[Round "1"]
[White "Abuelo"]
[Black "Manuel09"]
[WhiteElo "2070"]
[BlackElo "1950"]
[Result "0-1"]
[Round "1"]
1.e4 e5
2.Ng1f3 Nb8c6
3.Bf1b5 a6
4.Bb5xc6 dxc6
5.d3 Bf8d6
6.Nb1c3 Bc8g4
7.h3 Bg4h5
8.Bc1e3 Qd8e7
9.O-O h6
10.a3 Qe7e6
11.d4 O-O-O
12.Qd1e2 Ng8f6
13.Ra1d1 g5
14.g4 Bh5xg4
15.hxg4 Qe6xg4
16.Kh1 Qg4h3
17.Nf3h2 exd4
18.f4 dxc3
19.Be3d4 Bd6e7
20.Bd4xc3 Rd8xd1
21.Rf1xd1 gxf4
22.Rd1d3 Qh3e6
23.Nh2g4 Rh8d8
24.Ng4xf6 Rd8xd3
25.cxd3 Be7xf6
26.Bc3xf6 Qe6xf6
27.Qe2g4 Kb8
28.Qg4g8 Ka7
29.Qg8g1 b6
30.Qg1f2 Qf6g5
31.Kh2 Kb7
32.Qf2f3 h5
33.d4 h4
34.Qf3g2 Qg5g3
35.Kh1 h3
36.Qg2h2 Qg3e1
37.Qh2g1 Qe1xe4
38.Kh2 Qe4e3
39.Qg1f1 Qe3g3
40.Kh1 f3
{ resign }
0-1

[Event "Tourn. n7979"]
[Site "www.chess-mail.com"]
[Date "2015.02.18"]
[Round "1"]
[White "Kesalon"]
[Black "Vinvangogh"]
[WhiteElo "1459"]
[BlackElo "1259"]
[Result "1-0"]
[Round "1"]
1.e4 e5
2.Ng1f3 Nb8c6
3.Bf1c4 Ng8h6
4.d4 Bf8b4
5.c3 Bb4d6
6.O-O exd4
7.cxd4 Nh6g4
8.h3 h5
9.Bc1g5 f6
10.Bg5h4 g5
11.Bh4g3 Bd6xg3
12.fxg3 Ng4e3
13.Qd1d2 Ne3xf1
14.Kxf1 d6
15.Nb1c3 g4
16.hxg4 hxg4
17.Nf3h4 f5
18.Ra1e1 Nc6xd4
19.Qd2xd4 Rh8f8
20.exf5 Kd7
21.Bc4e6 Kc6
22.Qd4c4 Kb6
23.Qc4b5 { resign }
1-0

[Event "Tourn. n8076"]
[Site "www.chess-mail.com"]
[Date "2015.02.18"]
[Round "1"]
[White "Caspito"]
[Black "Cardiff"]
[WhiteElo "1840"]
[BlackElo "1960"]
[Result "1/2-1/2"]
[Round "1"]
1.e4 c6
2.d4 d5
3.e5 Bc8f5
4.Bf1d3 Bf5xd3
5.Qd1xd3 Qd8a5
6.Bc1d2 Qa5a6
7.Qd3xa6 Nb8xa6
8.a3 e6
9.Ng1f3 c5
10.Bd2e3 cxd4
11.Be3xd4 Bf8c5
12.c3 Ng8e7
13.O-O Ra8c8
14.b4 Bc5xd4
15.cxd4 Ne7f5
16.Nb1d2 h6
17.Ra1c1 Kd7
18.Nd2b3 { draw }
1/2-1/2

[Event "Tourn. n8067"]
[Site "www.chess-mail.com"]
[Date "2015.02.18"]
[Round "1"]
[White "Fabos12"]
[Black "Gorgo"]
[WhiteElo "1880"]
[BlackElo "2009"]
[Result "0-1"]
[Round "1"]
1.e4 c5
2.Nb1c3 Nb8c6
3.Ng1f3 e5
4.Bf1c4 Bf8e7
5.Nc3d5 Ng8f6
6.d3 O-O
7.Bc1g5 Nf6xd5
8.exd5 Be7xg5
9.dxc6 bxc6
10.O-O Bg5f6
11.Rf1e1 d5
12.Bc4b3 Qd8d6
13.a3 Rf8d8
14.c4 Ra8b8
15.h3 Bc8f5
16.cxd5 cxd5
17.Ra1b1 c4
18.Bb3c2 cxd3
19.Bc2a4 e4
20.Nf3d2 Bf6xb2
21.Qd1h5 Bf5e6
22.Qh5g5 Qd6xa3
23.Ba4d1 Bb2f6
24.Qg5g3 Rb8xb1
25.Nd2xb1 Qa3b4
26.Qg3e3 Bf6d4
27.Qe3d2 Qb4xb1
28.Bd1g4 Qb1c2
29.Qd2f4 Be6xg4
30.hxg4 d2
{ resign }
0-1

[Event "Tourn. n8051"]
[Site "www.chess-mail.com"]
[Date "2015.02.18"]
[Round "1"]
[White "Cathar"]
[Black "Krasin"]
[WhiteElo "2120"]
[BlackElo "2270"]
[Result "0-1"]
[Round "1"]
1.e4 e6
2.d3 d5
3.Qd1e2 Bf8e7
4.Ng1f3 Ng8f6
5.g3 c5
6.Bf1g2 Nb8c6
7.O-O b5
8.e5 Nf6d7
9.a4 b4
10.h4 h6
11.Rf1e1 a5
12.Nb1d2 Bc8a6
13.b3 Qd8c7
14.Nd2f1 O-O-O
15.Nf1h2 g5
16.h5 f5
17.exf6 Be7xf6
18.Ra1b1 Rd8e8
19.Nh2g4 Bf6g7
20.Bc1b2 Bg7xb2
21.Rb1xb2 e5
22.Nf3d2 Nc6d4
23.Qe2d1 Ba6b7
24.Rb2b1 Qc7d6
25.Nd2f3 Rh8f8
26.Nf3xd4 cxd4
27.Ng4h2 e4
28.Qd1d2 Nd7f6
29.Rb1d1 e3
30.fxe3 Qd6xg3
31.exd4 Nf6xh5
32.Re1xe8 Rf8xe8
33.Nh2f1 Qg3f4
34.Qd2xf4 Nh5xf4
35.Rd1d2 Kc7
36.Nf1g3 Bb7c8
37.Kf2 Kd6
38.Bg2f3 g4
39.Bf3g2 h5
40.Bg2f1 h4
41.Ng3e2 Nf4g6
{ resign }
0-1

[Event "Tourn. n7954"]
[Site "www.chess-mail.com"]
[Date "2015.02.18"]
[Round "1"]
[White "Kozakliuty"]
[Black "Iko"]
[WhiteElo "1480"]
[BlackElo "1460"]
[Result "1-0"]
[Round "1"]
1.g4 d5
2.Bf1g2 d4
3.h3 e5
4.d3 Bf8b4
5.Bc1d2 a5
6.a3 Bb4c5
7.c3 a4
8.Ng1f3 Nb8c6
9.O-O Ra8a5
10.cxd4 Nc6xd4
11.Nf3xd4 Bc5xd4
12.Bd2xa5 Bd4xb2
13.Ra1a2 Bb2d4
14.Ra2c2 b6
15.Ba5c3 Qd8e7
16.e3 Bd4c5
17.Bg2c6 Kd8
18.d4 Bc5xa3
19.dxe5 Bc8d7
20.Rc2d2 Ba3d6
21.exd6 Qe7e6
22.dxc7 Kxc7
23.Rd2xd7 Kxc6
24.Rd7a7 Ng8f6
25.Qd1xa4 b5
26.Qa4a6 Kd5
27.Qa6xb5 Ke4
28.Nb1d2 
1-0

[Event "Tourn. n7814"]
[Site "www.chess-mail.com"]
[Date "2015.02.18"]
[Round "1"]
[White "Uliczny2"]
[Black "Iko"]
[WhiteElo "1700"]
[BlackElo "1450"]
[Result "1-0"]
[Round "1"]
1.e4 e5
2.Ng1f3 d6
3.Bf1c4 f6
4.Nb1c3 c5
5.d3 a5
6.a4 Bc8g4
7.h3 Bg4xf3
8.Qd1xf3 Nb8c6
9.Bc4b5 Qd8b6
10.Nc3d5 Qb6d8
11.O-O Ng8e7
12.Bc1d2 g5
13.Nd5xf6 Kf7
14.Nf6xh7 Kg6
15.Nh7xg5 Rh8g8
16.Ng5e6 Qd8c8
17.Bb5c4 Nc6d4
18.Qf3g4 Kf6
19.Qg4h4 Kf7
20.Ne6c7 d5
21.Nc7xd5 Ne7g6
22.Qh4f6 Ke8
23.Bc4b5 Nd4xb5
24.axb5 Qc8d7
25.Nd5b6 Qd7d8
26.Qf6e6 Bf8e7
27.Qe6xg8 Ng6f8
28.Bd2h6 Qd8xb6
29.Bh6xf8 Be7xf8
30.c4 Ra8d8
31.Ra1d1 Rd8d4
32.f4 exf4
33.Rf1xf4 Qb6d6
34.Qg8f7 Kd8
35.Qf7xf8 Qd6xf8
36.Rf4xf8 Ke7
37.Rf8b8 Rd4d7
38.Rd1a1 Rd7xd3
39.Rb8xb7 Ke6
40.Ra1xa5 Ke5
41.b6 Rd3d1
42.Kh2 Rd1d4
43.Rb7c7 Rd4xc4
44.Rc7xc5 Rc4xc5
45.Ra5xc5 Kf4
46.b7 Kxe4
47.b8Q Kd4
48.Qb8d6 Ke4
49.Qd6d5 Ke3
50.Rc5c3 Kf2
51.Qd5d2 Kf1
52.Rc3c1 
1-0

[Event "Tourn. n7902"]
[Site "www.chess-mail.com"]
[Date "2015.02.18"]
[Round "1"]
[White "Derik"]
[Black "Bjonil60"]
[WhiteElo "1470"]
[BlackElo "1310"]
[Result "0-1"]
[Round "1"]
1.e4 e5
2.d3 Nb8c6
3.Nb1d2 d6
4.Ng1f3 Ng8f6
5.g3 Bf8e7
6.Bf1g2 O-O
7.O-O a6
8.Nd2c4 Bc8d7
9.Qd1e2 h6
10.b3 b5
11.Bc1a3 bxc4
12.bxc4 Nf6h7
13.Qe2e3 f6
14.Nf3h4 g5
15.Nh4g6 Rf8f7
16.Bg2f3 Bd7e8
17.Bf3h5 Rf7g7
18.g4 Nc6d4
19.Qe3d2 Nd4f3
20.Kh1 Nf3xd2
21.Rf1d1 Nd2f3
22.Ra1b1 c6
23.Kg2 Nf3d4
24.c3 Nd4e6
25.Ng6xe7 Qd8xe7
26.Bh5xe8 Ra8xe8
27.Rb1b6 Ne6c7
28.Rb6xc6 a5
29.Rd1b1 Nh7f8
30.Ba3xd6 Qe7d7
31.Rb1b6 Nc7a8
32.Rb6a6 Nf8h7
33.d4 Re8e6
34.Ra6xa8 Kf7
35.Ra8c8 Re6xd6
36.Rc6c5 Kg6
37.Rc5xa5 Qd7xc8
38.c5 Rd6c6
39.d5 Rc6xc5
40.Ra5a4 Rc5xc3
41.h3 Qc8c5
42.Ra4a6 Rg7b7
43.Ra6c6 Qc5b4
44.Rc6c8 Qb4xe4
45.Kg1 Rc3xh3
46.d6 Qe4h1
{ resign }
0-1

[Event "Tourn. n7929"]
[Site "www.chess-mail.com"]
[Date "2015.02.18"]
[Round "1"]
[White "Nimzo"]
[Black "Rons"]
[WhiteElo "2660"]
[BlackElo "2540"]
[Result "1/2-1/2"]
[Round "1"]
1.d4 Ng8f6
2.c4 e6
3.Ng1f3 b6
4.g3 Bc8a6
5.Qd1c2 Ba6b7
6.Bf1g2 c5
7.d5 exd5
8.cxd5 Nf6xd5
9.Qc2b3 Nd5f6
10.Nf3e5 d5
11.Nb1c3 Bf8e7
12.O-O O-O
13.Rf1d1 Nb8d7
14.Bc1f4 c4
15.Qb3c2 Ra8c8
16.e4 Nd7xe5
17.Bf4xe5 Be7d6
18.Be5xf6 Qd8xf6
19.exd5 a6
20.Nc3e4 Qf6g6
21.Ra1c1 Rf8d8
22.Ne4xd6 Qg6xc2
23.Rc1xc2 Rd8xd6
24.Rd1c1 b5
25.b3 Rc8d8
26.bxc4 bxc4
27.Rc2xc4 Bb7xd5
28.Bg2xd5 Rd6xd5
29.Rc4c8 { draw }
1/2-1/2

[Event "Tourn. n8030"]
[Site "www.chess-mail.com"]
[Date "2015.02.18"]
[Round "1"]
[White "Hrob71"]
[Black "Groz"]
[WhiteElo "1819"]
[BlackElo "1809"]
[Result "1-0"]
[Round "1"]
1.e4 g6
2.d4 Bf8g7
3.f4 e6
4.Ng1f3 Ng8e7
5.Nb1c3 a6
6.Bf1e2 O-O
7.O-O d5
8.e5 c5
9.dxc5 f6
10.Bc1e3 Nb8c6
11.Qd1d2 fxe5
12.fxe5 d4
13.Nf3xd4 Nc6xe5
14.Nd4f3 Ne7d5
15.Nc3xd5 Qd8xd5
16.Qd2e1 Ne5g4
17.Ra1d1 Qd5xa2
18.Be3d4 Bg7xd4
19.Nf3xd4 Rf8xf1
20.Be2xf1 Qa2xb2
21.Nd4xe6 Qb2f6
22.Rd1d8 Kf7
23.Rd8f8 { resign }
1-0

[Event "Tourn. n8051"]
[Site "www.chess-mail.com"]
[Date "2015.02.18"]
[Round "1"]
[White "Cathar"]
[Black "Luban"]
[WhiteElo "2120"]
[BlackElo "2050"]
[Result "1-0"]
[Round "1"]
1.e4 c5
2.Ng1f3 d6
3.d4 cxd4
4.Nf3xd4 Ng8f6
5.Nb1c3 a6
6.Bc1e3 e6
7.f3 Bf8e7
8.Qd1d2 b5
9.O-O-O Bc8b7
10.g4 Nb8c6
11.g5 Nf6d7
12.h4 Nd7b6
13.h5 h6
14.g6 b4
15.gxf7 Kxf7
16.Nc3e2 Nb6c4
17.Qd2d3 Nc6e5
18.Qd3b3 Nc4xe3
19.Qb3xe3 Rh8f8
20.Bf1h3 Bb7c8
21.Rh1g1 Be7f6
22.f4 Ne5c4
23.Qe3b3 Qd8c7
24.e5 dxe5
25.fxe5 Bf6xe5
26.Rd1f1 Be5f6
27.Nd4xe6 Bc8xe6
28.Bh3xe6 Kxe6
29.Ne2f4 Kf7
30.Nf4d5 Qc7c5
31.Nd5xf6 gxf6
32.Rg1g6 Qc5e3
33.Qb3xe3 Nc4xe3
34.Rf1xf6 { resign }
1-0

[Event "Tourn. n8064"]
[Site "www.chess-mail.com"]
[Date "2015.02.18"]
[Round "1"]
[White "Krasin"]
[Black "Faerieking"]
[WhiteElo "2310"]
[BlackElo "2240"]
[Result "1-0"]
[Round "1"]
1.e4 e5
2.Ng1f3 f5
3.Nf3xe5 Nb8c6
4.d4 Qd8e7
5.Nb1c3 Nc6xe5
6.dxe5 Qe7xe5
7.f4 Qe5a5
8.Bc1d2 fxe4
9.Nc3xe4 Qa5b6
10.Bf1d3 Bf8e7
11.Qd1h5 Kd8
12.O-O-O Ng8f6
13.Qh5f7 Nf6xe4
14.Bd3xe4 Be7f6
15.c3 c6
16.Rh1e1 d5
17.Bd2e3 Qb6c7
18.Be4xd5 Qc7xf7
19.Bd5xf7 Kc7
20.Be3d4 Bf6xd4
21.Rd1xd4 Rh8d8
22.Re1e7 Rd8d7
23.Rd4xd7 Bc8xd7
24.Bf7e6 { resign }
1-0

[Event "Tourn. n7965"]
[Site "www.chess-mail.com"]
[Date "2015.02.18"]
[Round "1"]
[White "Cardiff"]
[Black "Ffdd65"]
[WhiteElo "2070"]
[BlackElo "2150"]
[Result "0-1"]
[Round "1"]
1.d4 d5
2.Ng1f3 Bc8g4
3.c3 Bg4xf3
4.exf3 e6
5.Bf1d3 Bf8d6
6.f4 Nb8d7
7.O-O Qd8f6
8.g3 O-O-O
9.Qd1a4 Kb8
10.b4 Nd7b6
11.Qa4c2 c6
12.a4 Ng8e7
13.Nb1d2 Ne7f5
14.a5 Nb6d7
15.b5 c5
16.dxc5 Nd7xc5
17.Bd3xf5 exf5
18.Bc1a3 Nc5e4
19.Nd2xe4 fxe4
20.Ba3xd6 Rd8xd6
21.Rf1d1 Rh8c8
22.Qc2b3 Rc8xc3
23.Qb3b2 Rc3c5
24.Qb2b4 Qf6c3
25.Qb4xc3 Rc5xc3
26.Ra1a4 Rc3b3
27.Ra4xe4 dxe4
28.Rd1xd6 Rb3xb5
29.Rd6d7 Rb5f5
30.Rd7e7 g6
31.Re7xe4 Kc8
32.Re4e8 Kd7
33.Re8b8 Kc7
34.Rb8h8 h5
35.Rh8f8 Kc6
36.Rf8c8 Kb5
37.Rc8c7 Ka6
38.Kg2 Kxa5
39.Rc7xb7 Ka6
40.Rb7b2 Rf5b5
41.Rb2e2 Kb6
42.Re2e7 Rb5f5
43.h4 a5
44.Re7e2 a4
45.Re2a2 Ka5
46.f3 Rf5b5
47.Ra2d2 a3
48.Rd2d7 Rb5b2
49.Kh3 a2
50.Rd7a7 Kb4
51.g4 Kb3
52.gxh5 gxh5
{ resign }
0-1

[Event "Tourn. n8062"]
[Site "www.chess-mail.com"]
[Date "2015.02.18"]
[Round "1"]
[White "Cardiff"]
[Black "Guidom"]
[WhiteElo "1940"]
[BlackElo "2040"]
[Result "1-0"]
[Round "1"]
1.c4 c5
2.Nb1c3 Nb8c6
3.Ng1f3 Ng8f6
4.d4 cxd4
5.Nf3xd4 d6
6.e4 e5
7.Nd4b5 a6
8.Nb5a3 Bc8e6
9.Na3c2 Qd8a5
10.Bf1d3 Bf8e7
11.O-O O-O
12.Nc3d5 Be6xd5
13.cxd5 Nc6a7
14.Nc2e3 Ra8c8
15.Ne3f5 Qa5d8
16.a4 Qd8d7
17.Bc1e3 b5
18.Be3xa7 Qd7xa7
19.axb5 a5
20.b4 g6
21.Nf5xe7 Qa7xe7
22.bxa5 Rc8c3
23.a6 Qe7a7
24.Qd1d2 Rf8c8
25.Rf1b1 Qa7b6
26.a7 { resign }
1-0

[Event "Tourn. n7867"]
[Site "www.chess-mail.com"]
[Date "2015.02.18"]
[Round "1"]
[White "Arto20"]
[Black "Greghghs"]
[WhiteElo "2360"]
[BlackElo "2410"]
[Result "1/2-1/2"]
[Round "1"]
1.e4 e5
2.Ng1f3 Nb8c6
3.Bf1b5 a6
4.Bb5a4 Ng8f6
5.O-O Bf8e7
6.Rf1e1 b5
7.Ba4b3 O-O
8.a4 b4
9.d4 d6
10.dxe5 Nc6xe5
11.Nf3xe5 dxe5
12.Qd1xd8 Rf8xd8
13.Nb1d2 Be7c5
14.Nd2f3 Nf6g4
15.Bc1e3 Ng4xe3
16.fxe3 Rd8e8
17.Ra1d1 Bc8g4
18.Rd1d5 Bc5d6
19.Rd5a5 h6
20.Bb3c4 Bg4c8
21.Re1f1 Bc8e6
22.Bc4d5 Ra8a7
23.Rf1d1 g6
24.Bd5xe6 Re8xe6
25.Ra5d5 Kf8
26.b3 Ke7
27.Kf2 c6
{ draw }
1/2-1/2

[Event "Tourn. n7849"]
[Site "www.chess-mail.com"]
[Date "2015.02.18"]
[Round "1"]
[White "Gmi42"]
[Black "Biagio"]
[WhiteElo "2189"]
[BlackElo "2060"]
[Result "1-0"]
[Round "1"]
1.e4 c6
2.d4 d5
3.Nb1c3 dxe4
4.Nc3xe4 Bc8f5
5.Ne4g3 Bf5g6
6.Ng1f3 Nb8d7
7.h4 h6
8.h5 Bg6h7
9.Bf1d3 Bh7xd3
10.Qd1xd3 e6
11.Bc1d2 Ng8f6
12.O-O-O Bf8d6
13.Ng3e4 Nf6xe4
14.Qd3xe4 Nd7f6
15.Qe4e2 Qd8c7
16.Kb1 O-O-O
17.c4 c5
18.Bd2c3 cxd4
19.Nf3xd4 a6
20.Rd1d2 Rd8d7
21.Rh1d1 Rh8d8
22.Nd4b3 Bd6e7
23.Rd2xd7 Rd8xd7
24.Rd1xd7 Qc7xd7
25.Nb3d4  { time }
1-0

[Event "Match"]
[Site "www.echecsemail.com"]
[Date "2015.02.18"]
[Round "1"]
[White "Pembertonia"]
[Black "Redeagle"]
[WhiteElo "1380"]
[BlackElo "1499"]
[Result "1-0"]
[Round "1"]
1.e4 b5
2.Bf1xb5 c6
3.Bb5c4 g6
4.Qd1f3 d6
5.Bc4xf7 Kd7
6.b4 a6
7.Bc1b2 Ng8h6
8.Qf3h3 Kc7
9.Bf7c4 Bc8xh3
10.Ng1xh3 Rh8g8
11.O-O g5
12.e5 g4
13.Nh3f4  { time }
1-0

[Event "Match"]
[Site "www.echecsemail.com"]
[Date "2015.02.18"]
[Round "1"]
[White "Pgcbies"]
[Black "Pilou"]
[WhiteElo "2730"]
[BlackElo "2640"]
[Result "1-0"]
[Round "1"]
1.e4 c5
2.Ng1f3 d6
3.d4 cxd4
4.Nf3xd4 Ng8f6
5.Nb1c3 a6
6.Bc1g5 e6
7.f4 Qd8b6
8.Qd1d3 Qb6xb2
9.Ra1b1 Qb2a3
10.f5 Bf8e7
11.fxe6 fxe6
12.Bf1e2 Qa3a5
13.Bg5d2 Qa5c7
14.g4 h6
15.Qd3h3 e5
16.Nd4f5 Bc8xf5
17.gxf5 Nb8d7
18.O-O Ra8b8
19.a4 O-O
20.Kh1 Rf8f7
21.Rf1g1 Kh8
22.Rg1g6 Be7f8
23.Be2d3 Qc7c5
24.Rb1g1 b5
25.axb5 axb5
26.Qh3g2 h5
27.Bd2h6 Nf6g4
28.h3 Ng4f2
29.Kh2 Qc5xc3
30.Qg2xf2 Nd7f6
31.Bh6g5 Bf8e7
32.Qf2h4 Rb8b7
33.Rg1g2 Qc3c6
34.c3 Rb7a7
35.Bg5xf6 Be7xf6
36.Qh4xh5 Kg8
37.Rg6h6 Kf8
38.Rh6h8 Ke7
39.Rh8b8 Ra7a8
40.Rb8xb5 Rf7f8
41.Rg2b2 Ra8a7
42.c4 Qc6d7
43.c5 dxc5
44.Bd3c4 Qd7d4
45.Rb5b7 Ra7xb7
46.Rb2xb7 Kd6
47.Qh5e2 Bf6h4
48.Bc4b5 Rf8d8
49.Rb7xg7 Bh4f6
50.Rg7g2 Rd8a8
51.Qe2h5 Qd4e3
52.Qh5d1 Ke7
53.Qd1d7 Kf8
54.Qd7d6 Bf6e7
55.Qd6xe5 Qe3d4
56.Qe5xd4 cxd4
57.e5 Ra8c8
58.f6 Rc8c5
59.fxe7 Kxe7
60.Bb5a6 Ke6
61.Rg2g6 Kxe5
62.Rg6g5 Kd6
63.h4 Rc5e5
64.Kg2 Ke6
65.Kg3 Kf6
66.Kf4 Re5e1
67.Rg5f5 Kg7
68.h5 Re1h1
69.Rf5g5 Kh6
70.Ba6e2 d3
71.Rg5g6 Kh7
72.Be2g4 Rh1f1
73.Kg5 { resign }
1-0

[Event "Match"]
[Site "www.echecsemail.com"]
[Date "2015.02.18"]
[Round "1"]
[White "Pinehill"]
[Black "Bbking"]
[WhiteElo "1870"]
[BlackElo "1540"]
[Result "1-0"]
[Round "1"]
1.e4 e5
2.d4 exd4
3.c3 c5
4.Ng1f3 Nb8c6
5.Bf1c4 Bf8e7
6.Qd1b3 Ng8h6
7.Bc1xh6 gxh6
8.Bc4xf7 Kf8
9.Bf7h5 d6
10.Qb3f7 { resign }
1-0

[Event "Match"]
[Site "www.echecsemail.com"]
[Date "2015.02.18"]
[Round "1"]
[White "4knights"]
[Black "Micheles"]
[WhiteElo "1499"]
[BlackElo "2520"]
[Result "0-1"]
[Round "1"]
1.d4 Ng8f6
2.c4 g6
3.Nb1c3 d5
4.Ng1f3 Bf8g7
5.Qd1b3 dxc4
6.Qb3xc4 O-O
7.e4 a6
8.e5 b5
9.Qc4b3 Nf6d7
10.Bc1e3 c5
11.Ra1d1 cxd4
12.Be3xd4 Nb8c6
13.e6 Nc6xd4
14.Nf3xd4 Nd7c5
15.exf7 Rf8xf7
16.Bf1e2 Nc5xb3
{ resign }
0-1

[Event "Match"]
[Site "www.echecsemail.com"]
[Date "2015.02.18"]
[Round "1"]
[White "Georgepapi"]
[Black "Reanna"]
[WhiteElo "1860"]
[BlackElo "1650"]
[Result "1-0"]
[Round "1"]
1.e4 e5
2.Ng1f3 Nb8c6
3.Bf1c4 Ng8f6
4.Nf3g5 d5
5.exd5 Nf6xd5
6.Ng5xf7 Kxf7
7.Qd1f3 Qd8f6
8.Bc4xd5 Bc8e6
9.Bd5xc6 Qf6xf3
10.Bc6xf3 Bf8d6
11.Bf3xb7 Ra8b8
12.Bb7e4 Be6c4
13.d3 Bc4a6
14.Nb1c3 Rh8f8
15.O-O Kg8
16.Ra1b1 Rf8f7
17.Be4d5 Rb8f8
18.Bc1e3 c5
19.Bd5xf7 Kxf7
20.Nc3e4 Bd6e7
21.Ne4xc5 Be7xc5
22.Be3xc5 Rf8c8
23.b4 Rc8c7
24.c4 Ke6
25.a4 g5
26.Rf1e1 h5
27.Bc5d4 Kd7
28.Re1xe5 g4
29.Re5xh5 Ba6c8
30.Rh5h7 Kc6
31.b5 Kb7
32.Rh7xc7 Kxc7
33.Bd4xa7 Bc8f5
34.Rb1d1 Kb7
35.b6 Bf5d7
36.a5 Bd7c8
37.Rd1e1 Ka6
38.Re1e7 Bc8b7
39.c5 Bb7c6
40.d4 Bc6d5
41.h4 Kxa5
42.b7 { resign }
1-0

[Event "Match"]
[Site "www.echecsemail.com"]
[Date "2015.02.18"]
[Round "1"]
[White "Mdesouza"]
[Black "Razorboy"]
[WhiteElo "2150"]
[BlackElo "1800"]
[Result "1-0"]
[Round "1"]
1.e4 e5
2.Ng1f3 Nb8c6
3.Bf1c4 d6
4.d4 Bc8g4
5.c3 Bg4xf3
6.Qd1xf3 f6
7.Bc4xg8 Rh8xg8
8.Qf3h5 g6
9.Qh5xh7 Rg8g7
10.Qh7h8 Qd8e7
11.Bc1h6 Rg7f7
12.Bh6xf8 Rf7xf8
13.Qh8h3 exd4
14.O-O dxc3
15.Nb1xc3 Nc6d4
16.Ra1c1 c6
17.Rc1d1 c5
18.Nc3d5 Qe7f7
19.Rd1d2 f5
20.Rf1e1 O-O-O
21.Re1c1 Kb8
22.Nd5c3 Rf8h8
23.Qh3g3 fxe4
24.Nc3xe4 Qf7e6
25.Ne4c3 a6
26.b4 Nd4c6
27.bxc5 Kc7
28.Nc3d5 Kb8
29.Rc1b1 Qe6e5
30.f4 Qe5f5
31.Rb1xb7 Kxb7
32.Qg3b3 Kc8
33.Qb3b6 Qf5xd5
34.Rd2xd5 dxc5
35.Qb6xc6 Kb8
36.Qc6b6 Kc8
37.Rd5xc5 Kd7
38.Rc5c7 Ke8
39.Qb6e6 { resign }
1-0

[Event "1/128 Finale"]
[Site "www.chess-mail.com"]
[Date "2015.02.18"]
[Round "1"]
[White "Leswamp"]
[Black "Odin"]
[WhiteElo "2440"]
[BlackElo "1670"]
[Result "1-0"]
[Round "1"]
1.d4 d5
2.c4 e6
3.Nb1c3 Ng8f6
4.Ng1f3 Nb8c6
5.Bc1g5 Bf8e7
6.e3 O-O
7.Ra1c1 Nf6e4
8.Bg5xe7 Qd8xe7
9.Qd1b3 Nc6a5
10.Qb3a4 Na5xc4
11.Nc3xe4 Nc4xb2
12.Qa4c2 dxe4
13.Nf3e5 f6
14.Qc2xb2 fxe5
15.dxe5 a6
16.Qb2d4 Qe7f7
17.Rc1c2 c6
18.Qd4xe4 c5
19.Bf1d3 g6
20.O-O Bc8d7
21.Qe4xb7 Bd7a4
22.Qb7xf7 Rf8xf7
23.Rc2xc5 Ra8b8
24.Bd3xa6 Rb8b2
25.Ba6c4 Ba4d7
26.Bc4b3 Rb2d2
27.Rc5c2 Rd2d3
28.Bb3c4 Rd3a3
29.Bc4b3 Bd7a4
30.Rc2c8 Kg7
31.Rc8a8 Ba4b5
32.Ra8xa3 Rf7e7
33.Rf1d1 Bb5e2
34.Rd1d6 Re7c7
35.f3 Rc7c1
36.Kf2 Be2b5
37.Ra3a7 { resign }
1-0

[Event "1/64 Finale"]
[Site "www.chess-mail.com"]
[Date "2015.02.18"]
[Round "1"]
[White "Osopanda"]
[Black "Leswamp"]
[WhiteElo "1910"]
[BlackElo "2430"]
[Result "0-1"]
[Round "1"]
1.c4 e5
2.Nb1c3 Bf8b4
3.Nc3d5 a5
4.a3 Bb4c5
5.e3 Ng8f6
6.d4 Nf6xd5
7.dxc5 Nd5f6
8.Ng1f3 Qd8e7
9.b3 Qe7xc5
10.Bf1e2 Nb8a6
11.O-O O-O
12.Bc1b2 Rf8e8
13.Qd1c2 b5
14.Ra1c1 b4
15.a4 Bc8b7
16.Rf1d1 d6
17.Qc2f5 Bb7e4
18.Qf5h3 Qc5b6
19.Nf3g5 Be4g6
20.Be2d3 Bg6xd3
21.Rd1xd3 Na6c5
22.Rc1d1 Nc5xd3
23.Rd1xd3 h6
24.f4 hxg5
25.fxe5 dxe5
26.Rd3d1 Qb6e6
27.Qh3g3 Nf6e4
28.Qg3f3 Ne4c3
29.Rd1c1 g4
30.Qf3f1 Ra8d8
31.Bb2xc3 bxc3
32.Rc1xc3 Rd8d2
33.e4 Re8d8
34.Rc3c1 Qe6b6
35.Kh1 Qb6xb3
36.Rc1b1 Qb3xb1
{ resign }
0-1

[Event "1/64 Finale"]
[Site "www.chess-mail.com"]
[Date "2015.02.18"]
[Round "1"]
[White "Bevittsmith"]
[Black "Uji40"]
[WhiteElo "2250"]
[BlackElo "1790"]
[Result "1-0"]
[Round "1"]
1.e4 e5
2.Ng1f3 Nb8c6
3.Bf1b5 Ng8f6
4.O-O Nf6xe4
5.d4 Ne4d6
6.Bb5xc6 dxc6
7.dxe5 Nd6f5
8.Qd1xd8 Kxd8
9.Nb1c3 h6
10.h3 Bc8e6
11.Nc3e2 Ke7
12.Ne2f4 Ra8d8
13.g4 Nf5d4
14.Nf3xd4 Rd8xd4
15.Bc1e3 Rd4e4
16.Nf4xe6 Kxe6
17.Ra1d1 Bf8e7
18.Be3d4 c5
19.Bd4c3 Rh8d8
20.Rd1xd8 Be7xd8
21.f3 Re4e3
22.Kf2 b5
23.Kxe3 b4
24.Bc3e1 Kxe5
25.Be1g3 Ke6
26.Rf1d1 Ke7
27.Ke4 Ke6
28.Rd1xd8 Ke7
29.Bg3xc7 g6
30.Rd8d5 f6
31.Rd5xc5 { resign }
1-0

[Event "1/128 Finale"]
[Site "www.chess-mail.com"]
[Date "2015.02.18"]
[Round "1"]
[White "Vinvangogh"]
[Black "Gerailen0075"]
[WhiteElo "1259"]
[BlackElo "1809"]
[Result "0-1"]
[Round "1"]
1.e4 Ng8f6
2.Nb1c3 d5
3.Bf1b5 c6
4.Bb5a4 dxe4
5.d3 exd3
6.cxd3 Bc8f5
7.d4 e6
8.b3 b5
9.Nc3xb5 cxb5
10.Ba4xb5 Nb8d7
11.Qd1e2 Bf8b4
12.Bc1d2 Bb4xd2
13.Qe2xd2 O-O
14.Ng1f3 Nf6e4
15.Qd2f4 Qd8a5
16.Kd1 Qa5xb5
17.g4 Ne4xf2
18.Kd2 Qb5d3
19.Ke1 Nf2xh1
20.Ra1d1 Qd3e4
21.Qf4xe4 Bf5xe4
22.Nf3g5 Be4d5
23.h4 Ra8c8
24.a4 Rc8c3
25.Kd2 Rf8c8
26.Rd1xh1 Bd5xh1
27.Ng5e4 Bh1xe4
28.b4 Rc3d3
29.Ke2 Rc8c2
30.Ke1 Be4f3
{ resign }
0-1

[Event "Eq:CONFOEDERATIONIS HELVETICAE-Team USA : "]
[Site "www.chess-mail.com"]
[Date "2015.02.18"]
[Round "1"]
[White "Asiamen"]
[Black "Vinvangogh"]
[WhiteElo "2140"]
[BlackElo "1260"]
[Result "0-1"]
[Round "1"]
1.e4 e5
2.Ng1f3 Nb8c6
3.Bf1b5 Nc6d4
4.Nf3xd4 exd4
5.O-O Ng8h6
6.d3 Bf8d6
7.h3 b6
8.c3 O-O
9.Bb5c4 Qd8h4
10.cxd4 c5
11.d5 a6
12.a3 Nh6g4
13.Qd1xg4 Qh4xg4
14.hxg4 Bc8b7
 { time }
0-1

[Event "Eq:La Taverne-Equipo Juan Diaz : "]
[Site "www.chess-mail.com"]
[Date "2015.02.18"]
[Round "1"]
[White "Xkafi"]
[Black "Kukulcan"]
[WhiteElo "1950"]
[BlackElo "1800"]
[Result "0-1"]
[Round "1"]
1.e4 c5
2.Bf1c4 d6
3.Qd1f3 e6
4.Nb1c3 Ng8f6
5.d3 Bf8e7
6.Ng1h3 O-O
7.Qf3g3 Kh8
8.b3 a6
9.Nc3a4 b5
10.Qg3h4 bxc4
11.Na4c3 cxb3
12.axb3 Bc8b7
13.Nh3g5 Nb8d7
14.f4 h6
15.Qh4h3 Nf6h7
16.Ng5f3 Be7f6
17.Bc1b2 Qd8b6
18.e5 dxe5
19.fxe5 Nd7xe5
20.Nf3xe5 Bf6xe5
21.Qh3e3 Be5d4
22.Qe3g3 Qb6b4
23.Ra1a4 Bd4xc3
24.Kd1 Bc3xb2
25.Ra4xb4 cxb4
26.Rh1f1 Nh7f6
27.Rf1f2 Bb2c3
28.Qg3c7 Bb7d5
29.h3 a5
30.g4 a4
31.bxa4 Ra8xa4
32.Qc7c5 Ra4a1
33.Ke2 Ra1e1
{ resign }
0-1

[Event "Fast Game"]
[Site "www.echecsemail.com"]
[Date "2015.02.18"]
[Round "1"]
[White "E4player"]
[Black "Anja"]
[WhiteElo "1599"]
[BlackElo "1909"]
[Result "1-0"]
[Round "1"]
1.e4 Ng8f6
2.e5 Nf6d5
3.d4 d6
4.c4 Nd5b6
5.exd6 exd6
6.Nb1c3 Nb8c6
7.Bf1e2 Bf8e7
8.Ng1f3 Bc8f5
9.O-O O-O
10.d5 Nc6e5
11.Nf3d4 Bf5g6
12.f4 Ne5xc4
13.b3 Nc4a5
14.f5 Bg6xf5
15.Nd4xf5 Be7f6
16.Bc1d2 { resign }
1-0

[Event "Tourn. n7871"]
[Site "www.chess-mail.com"]
[Date "2015.02.19"]
[Round "1"]
[White "Asiamen"]
[Black "Umzi"]
[WhiteElo "2110"]
[BlackElo "2180"]
[Result "0-1"]
[Round "1"]
1.e4 d5
2.exd5 Qd8xd5
3.Nb1c3 Qd5a5
4.d4 c6
5.Bf1c4 b5
6.Bc4b3 e6
7.Ng1f3 Ng8f6
8.O-O Bc8a6
9.Rf1e1 Bf8e7
10.Bc1f4 O-O
11.Nc3e4 Nf6xe4
12.Re1xe4 Nb8d7
13.c3 Nd7f6
14.Re4e1 Nf6d5
15.Bb3xd5 cxd5
16.Qd1d2 Qa5b6
17.a3 Ba6c8
18.Ra1c1 a5
19.h3 b4
20.axb4 axb4
21.c4 dxc4
22.Rc1xc4 Bc8b7
23.Nf3e5 Ra8d8
24.Bf4e3 Bb7d5
25.Rc4c1 f6
26.Ne5c4 Qb6b5
27.b3 Qb5b7
28.f4 Rd8d7
29.Qd2e2 Rf8d8
30.Nc4d2 Rd8c8
31.Rc1xc8 Qb7xc8
32.Qe2b5 Rd7c7
33.f5 Rc7b7
34.Qb5a4 exf5
35.Be3f4 g5
36.Bf4h2 f4
37.Kf1 Kf7
38.Bh2g1 Qc8c2
39.Re1e2 Qc2f5
40.Bg1f2 Rb7c7
41.Re2xe7 Rc7xe7
42.Qa4xb4 g4
43.hxg4 Qf5xg4
44.Nd2f3 Bd5xf3
 { time }
0-1